Mýtus v modernom strihu

Bibliographic Details
Main Author: Unger, Pavel, 1951- (Author)
Format: Article
Language:Slovak
Subjects:

MARC

LEADER 00000nab a2200000 a 4500
001 vtls000420144
003 SK-MaSNL
005 20260303194313.0
008 230120c1991 xo 0 slo
015 |a SNBRB19rr/mm-uuuuu 
035 |a CL0420272 
035 |a urn:nbn:sk:snk-ab25ho 
035 |a (urnnbn)urn:nbn:sk:snk:ar-a01os3 
035 |a (uuid)5f034eb1-f6f9-4004-97ec-dcaf881e6651 
040 |a SNKBUCL  |b slo  |c SNKBUCL  |e AACR2 
041 0 |a slo 
044 |a xo  |c SK 
080 |a 792.5  |2 1981 
100 1 |a Unger, Pavel,  |d 1951-  |4 aut  |9 340556 
245 1 0 |a Mýtus v modernom strihu  |c Pavel Unger 
600 1 7 |a Gluck, Christoph Willibald,  |d 1714-1787  |2 snkbucl  |9 204556 
610 2 7 |a Divadlo Jozefa Gregora Tajovského.  |b Opera  |2 snkbucl  |9 165618 
655 7 |a články z novín a časopisov  |2 snkbucl  |9 267496 
773 0 |t Hudobný život 91  |g Roč. 23, č. 11 (1991), s. 6 
850 |a Slovenská národná knižnica v Martine  |a MTA001 
852 |a SNK  |b KIS3GCP 
954 |a odborná, vedecká literatúra pôvodná (slovenská)  |2 lita 
957 |a 5301 
958 |a OND 
958 |a RK 
958 |a EUIPO 
958 |a article27 
992 |a RBX 
999 |c 2156876  |d 2158806